000 00224nam a2200097Ia 4500
008 170619s9999 xx 000 0 und d
100 _aHolloway- James Paul
245 0 _aGraphic under C
260 _bNew Delhi; BPB
260 _c2002
546 _aENGLISH
999 _c18005
_d18005